[Event "World Blitz 2025"]
[Site "Doha QAT"]
[Date "2025.12.30"]
[Round "16.98"]
[White "Morris, James"]
[Black "Nguyen, Ngoc Truong Son"]
[Result "0-1"]
[WhiteTitle "IM"]
[BlackTitle "GM"]
[WhiteElo "2422"]
[BlackElo "2600"]
[WhiteFideId "3205800"]
[BlackFideId "12401110"]
[EventDate "2025.12.29"]

1. e4 e5 2. Nf3 Nc6 3. g3 Nf6 4. d3 d6 5. h3 h6 6. Bg2 Be6 7. O-O Qd7 8. Kh2 g5
9. d4 exd4 10. Nxd4 Nxd4 11. Qxd4 Bg7 12. Qe3 O-O 13. f4 g4 14. h4 Rfe8 15. Nc3
Bf5 16. Qd3 Nxe4 17. Nxe4 Qe6 18. Re1 d5 19. Nc5 Qxe1 20. Qxf5 Re2 21. Qxg4 Rae8
22. Qf3 Rf2 23. Nd3 Rxf3 24. Nxe1 Rf2 25. Kg1 Bd4 26. c3 Rxe1+ 0-1

[Event "World Blitz 2025"]
[Site "Doha QAT"]
[Date "2025.12.30"]
[Round "16.99"]
[White "Saraci, Nderim"]
[Black "Rakotomaharo, Fy Antenaina"]
[Result "1/2-1/2"]
[WhiteTitle "IM"]
[BlackTitle "IM"]
[WhiteElo "2461"]
[BlackElo "2434"]
[WhiteFideId "6351921"]
[BlackFideId "13100050"]
[EventDate "2025.12.29"]

1. Nf3 d5 2. d4 Nf6 3. Bf4 Bf5 4. e3 e6 5. c4 Bxb1 6. Qxb1 Bb4+ 7. Kd1 Bd6 8.
Bg3 O-O 9. Qc2 c5 10. dxc5 Bxc5 11. Bd3 Nc6 12. Ke2 Nb4 13. Qb3 Nxd3 14. Qxd3
dxc4 15. Qxc4 Rc8 16. Qb3 Qa5 17. Rhd1 Qa6+ 18. Qd3 Qb6 19. Qb3 Qa6+ 20. Qd3 Qb6
21. Be5 Rfd8 22. Qb3 Qa6+ 23. Ke1 Nd5 24. a3 Bf8 25. Rac1 h6 26. h3 Nb6 27. Rxc8
Rxc8 28. Bd4 Nd5 29. Qd3 Qa4 30. Nd2 b5 31. Qb3 Qa5 32. Kf1 Ne7 33. Bc3 Qb6 34.
Bd4 Qb8 35. Kg1 Nf5 36. Bc3 Rd8 37. Nf3 Rxd1+ 38. Qxd1 Qd6 39. Qe2 Qc6 40. Qd3
a6 41. e4 Nd6 42. Nd2 Nb7 43. Nb3 Nd6 44. f3 Nc4 45. Kf2 Be7 46. g3 Qc8 47. h4
Bf8 48. Kg2 Be7 49. Nd2 Nb6 50. Qd4 Bf6 51. Qxb6 Bxc3 52. bxc3 Qxc3 53. Qd8+ Kh7
54. e5 Qxe5 55. Ne4 Qb2+ 56. Qd2 Qxa3 57. Qd7 Kg8 58. Qe8+ Qf8 59. Qc6 Qb8 60.
Qxa6 b4 61. Qa1 Qc7 62. Qb2 Qc4 63. Nd2 Qc5 64. Ne4 Qc4 65. Kf2 f6 66. Ke3 e5
67. Nd2 Qc5+ 68. Ke2 Kh7 69. Qb3 Qd4 70. Qd3+ Qxd3+ 71. Kxd3 Kg6 72. Kc4 Kf5 73.
Kxb4 g5 74. hxg5 hxg5 75. g4+ Kf4 76. Kc4 f5 77. gxf5 Kxf5 78. Kd3 g4 79. fxg4+
Kxg4 80. Ke4 Kg5 81. Kxe5 1/2-1/2

[Event "World Blitz 2025"]
[Site "Doha QAT"]
[Date "2025.12.30"]
[Round "16.100"]
[White "Gokerkan, Cem Kaan"]
[Black "Can, Emre"]
[Result "1/2-1/2"]
[WhiteTitle "GM"]
[BlackTitle "GM"]
[WhiteElo "2510"]
[BlackElo "2541"]
[WhiteFideId "6336760"]
[BlackFideId "6302181"]
[EventDate "2025.12.29"]

1. e4 d6 2. d4 Nf6 3. Nc3 g6 4. Be3 c6 5. Qd2 Nbd7 6. Nf3 Qc7 7. Bd3 Bg7 8. Bh6
Bxh6 9. Qxh6 b5 10. a3 Bb7 11. O-O a6 12. Rfe1 e5 13. a4 b4 14. dxe5 dxe5 15.
Na2 Qd6 16. Rad1 Qe7 17. a5 c5 18. Nc1 Ng4 19. Qd2 Rd8 20. Qe2 Nb8 21. Nb3 O-O
22. Nfd2 Nf6 23. Qe3 Rc8 24. Nc4 Nfd7 25. Be2 Nc6 26. Rxd7 Qxd7 27. Nxc5 Qc7 28.
Nxb7 Qxb7 29. Nd6 Qa8 30. Nxc8 Rxc8 31. c3 bxc3 32. bxc3 Nxa5 33. Ra1 Nc4 34.
Qd3 a5 35. h4 h5 36. Qd7 Rd8 37. Qe7 Re8 38. Qd7 Nb6 39. Qb5 Rb8 40. Rxa5 Qxe4
41. Qxe5 Qxe5 42. Rxe5 Rc8 43. Rb5 Na4 44. c4 Nc3 45. Rb2 Nxe2+ 46. Rxe2 Rxc4 1/2-1/2

[Event "World Blitz 2025"]
[Site "Doha QAT"]
[Date "2025.12.30"]
[Round "16.101"]
[White "Bilguun, Sumiya"]
[Black "Sahidi, Samir"]
[Result "1-0"]
[WhiteTitle "GM"]
[BlackTitle "IM"]
[WhiteElo "2442"]
[BlackElo "2516"]
[WhiteFideId "4901541"]
[BlackFideId "14936372"]
[EventDate "2025.12.29"]

1. e4 c6 2. d4 d5 3. exd5 cxd5 4. Bd3 Nc6 5. c3 Nf6 6. Bf4 g6 7. Ne2 Bf5 8. Bxf5
gxf5 9. Nd2 e6 10. O-O Bd6 11. Kh1 Qc7 12. Bxd6 Qxd6 13. Nf3 Ne4 14. Qc1 O-O-O
15. Qf4 Qxf4 16. Nxf4 Kb8 17. Ne1 Nd6 18. Ned3 Rc8 19. a4 Ne7 20. Rfe1 Ng6 21.
Nh5 Rc7 22. f3 a5 23. Kg1 Kc8 24. Kf2 Kd8 25. h3 b6 26. g4 Ke7 27. Re2 h6 28.
Rae1 Nf8 29. Nhf4 Kd8 30. Nh5 Nh7 31. Ng3 fxg4 32. hxg4 Ng5 33. Rh1 Ke7 34. Kg2
Rcc8 35. Ree1 Rcg8 36. Kf2 Kd7 37. Rh5 f6 38. Reh1 Ngf7 39. Nf4 Rg5 40. Re1 Re8
41. Rh2 Nc4 42. Ngh5 Kd6 43. Nxf6 Re7 44. Nd3 e5 45. dxe5+ Ncxe5 46. Nxe5 Nxe5
47. Rd1 Rf7 48. Ne4+ Kc6 49. Rxh6+ Rg6 50. Rxg6+ Nxg6 51. Ng3 Ne5 52. Nf5 Rh7
53. Kg3 Nc4 54. b3 Ne5 55. Ne3 Nd7 56. Nxd5 Nc5 57. Nf6 Rf7 58. g5 Nxb3 59. Kg4
Nc5 60. Rd4 Re7 61. Ne4 Nd7 62. Rc4+ Kd5 63. Rd4+ Kc6 64. f4 b5 65. axb5+ Kxb5
66. Nd6+ Kc6 67. Nf5 Re1 68. g6 Rg1+ 69. Ng3 Nf6+ 70. Kf3 Re1 71. g7 Re8 72. Ne4
Ng8 73. f5 Re7 74. f6 Nxf6 75. Nxf6 Rxg7 76. Ne4 Ra7 77. Ra4 Kb5 78. Ra3 a4 79.
Ke3 Rh7 80. Nd2 Rh3+ 81. Kd4 Rh2 82. Kd3 Rh3+ 83. Kc2 Rh2 84. Ra1 Rh4 85. Rg1
Rh5 86. Rg4 Ka5 87. Rd4 Rg5 88. Kb2 Rg1 89. Rd5+ Kb6 90. Ka3 Ra1+ 91. Kb4 Kc6
92. Ra5 Rd1 93. Nf3 Rb1+ 94. Kc4 Ra1 95. Nd4+ Kd6 96. Nc2 Ra2 97. Nb4 Ra1 98.
Ra6+ Ke5 1-0

[Event "World Blitz 2025"]
[Site "Doha QAT"]
[Date "2025.12.30"]
[Round "16.102"]
[White "Halkias, Stelios"]
[Black "Davtyan, Artur"]
[Result "1-0"]
[WhiteTitle "GM"]
[BlackTitle "IM"]
[WhiteElo "2503"]
[BlackElo "2474"]
[WhiteFideId "4201809"]
[BlackFideId "13308327"]
[EventDate "2025.12.29"]

1. Nf3 d5 2. d4 Nf6 3. c4 e6 4. g3 Be7 5. Bg2 O-O 6. O-O dxc4 7. Ne5 Nc6 8. Bxc6
bxc6 9. Nxc6 Qe8 10. Nxe7+ Qxe7 11. Be3 Nd5 12. Qc1 Qb4 13. Nc3 Nxe3 14. Qxe3
Qxb2 15. Rab1 Qa3 16. Rb5 Ba6 17. Rc5 Rfc8 18. Rb1 h6 19. f3 Rab8 20. Rxb8 Rxb8
21. Kf2 Rb2 22. Qc1 Rb3 23. Qxa3 Rxa3 24. Nd1 Rxa2 25. Rxc7 Rd2 26. Nc3 Rxd4 27.
Rxa7 Rd6 28. Ke3 f6 29. h4 h5 30. g4 hxg4 31. fxg4 e5 32. h5 Kh7 33. Ne4 Rc6 34.
g5 fxg5 35. Nxg5+ Kh6 36. Nf7+ Kxh5 37. Nxe5 Re6 38. Kd4 Kh6 39. e4 g5 40. Kd5
Bc8 41. Rc7 Re8 42. Nf7+ Kg6 43. Nd6 Be6+ 44. Ke5 Bf7+ 45. Nxe8 Bxe8 46. Rxc4
Kh5 47. Rc1 Kh4 48. Rg1 Bd7 49. Kd6 Bc8 50. Ke5 Bd7 51. Rd1 Bc8 52. Rd8 Bb7 53.
Rd7 Bc6 54. Rc7 Ba8 55. Kf5 g4 56. Rh7+ Kg3 57. Rg7 Kf3 58. Rxg4 Bb7 59. Rf4+
Ke3 60. Ke5 Bc6 61. Rh4 Kd3 62. Rh3+ Kc4 63. Kf4 Kd4 64. e5 Bd7 65. Re3 Be6 66.
Re1 Bb3 67. Kf5 Kd5 68. Kf6 Kc6 69. e6 Kd5 1-0

[Event "World Blitz 2025"]
[Site "Doha QAT"]
[Date "2025.12.30"]
[Round "16.103"]
[White "Sapenov, Daniyal"]
[Black "Altini, Nicola"]
[Result "0-1"]
[WhiteTitle "IM"]
[BlackTitle "IM"]
[WhiteElo "2440"]
[BlackElo "2360"]
[WhiteFideId "13728911"]
[BlackFideId "833924"]
[EventDate "2025.12.29"]

1. d4 d5 2. c4 e6 3. Nf3 Nf6 4. g3 Bb4+ 5. Bd2 a5 6. Bg2 O-O 7. Qc2 c5 8. dxc5
d4 9. Bxb4 axb4 10. O-O Nc6 11. Nbd2 e5 12. Ng5 Bg4 13. Nde4 Bf5 14. Qd2 Bg6 15.
a3 bxa3 16. Rxa3 Rxa3 17. bxa3 Nd7 18. Nd6 Nxc5 19. Nxb7 Nxb7 20. Bxc6 Nc5 21.
Nf3 Qd6 22. Bd5 Ne4 23. Qb4 Qf6 24. Nd2 Nc3 25. Re1 e4 26. e3 d3 27. Kg2 Bh5 28.
h4 Bf3+ 29. Kh2 g5 30. Nxf3 Qxf3 31. Rf1 Ne2 32. Qe7 h6 33. Bxe4 Qh5 34. Bxd3
Nc3 35. Qe5 Na4 36. Kg2 Rd8 37. Be4 Nb6 38. Qf6 Rb8 39. hxg5 Qxg5 40. Qxg5+ hxg5
41. c5 Na4 42. Rc1 Re8 43. Bf3 f5 44. Bd5+ Kg7 45. Bc6 Rd8 46. Bxa4 f4 47. exf4
gxf4 48. c6 fxg3 49. c7 Rd2 50. c8=Q Rxf2+ 51. Kxg3 Rf7 52. Qc3+ Rf6 53. Rf1 Kh7
54. Qxf6 Kg8 55. Qg5+ Kh7 56. Qg4 Kh8 57. Bd1 Kh7 58. Bf3 Kh8 59. Bg2 Kh7 60. a4 0-1

[Event "World Blitz 2025"]
[Site "Doha QAT"]
[Date "2025.12.30"]
[Round "16.104"]
[White "Harshavardhan, G B"]
[Black "Karthik, Venkataraman"]
[Result "1-0"]
[WhiteTitle "IM"]
[BlackTitle "GM"]
[WhiteElo "2477"]
[BlackElo "2589"]
[WhiteFideId "25059009"]
[BlackFideId "25006479"]
[EventDate "2025.12.29"]

1. e4 e6 2. d4 d5 3. Bd3 Nf6 4. e5 Nfd7 5. f4 c5 6. c3 Nc6 7. Nf3 Qb6 8. Bc2 Qa6
9. a3 Be7 10. Bd3 Qb6 11. Bc2 Qa6 12. Be3 Na5 13. Nbd2 cxd4 14. cxd4 Nb6 15. b3
Bd7 16. Kf2 Rc8 17. Ra2 Bb5 18. Nb1 O-O 19. a4 Nc6 20. Nc3 Bc4 21. Bb1 Nb4 22.
Rd2 f6 23. Kg3 Bxb3 24. Qxb3 Nc4 25. Re2 Na5 26. Qb2 Rxc3 27. Qxc3 Qxe2 28. Qc7
Bd8 29. Qd6 Qxe3 30. Re1 Qc3 31. Qxe6+ Kh8 32. Qh3 g6 33. Bxg6 Qc7 34. Bb1 Nac6
35. e6 Qg7+ 36. Kf2 Bb6 37. Rd1 f5 38. Bxf5 Nxd4 39. Nxd4 Bxd4+ 40. Kf1 Nc6 41.
g3 Ne7 42. Bb1 Bc5 43. Qh5 b6 44. Kg2 Rc8 45. Kh3 Rf8 46. Rf1 Bd4 47. f5 Bf6 48.
Rc1 d4 49. Kg2 Rd8 50. Bd3 Nd5 51. Qf3 Nc3 52. Re1 Qe7 53. h4 Rg8 54. Kh3 Qg7
55. g4 Qh6 56. Qg3 Qd2 57. e7 Re8 58. g5 Rxe7 59. Rxe7 Bxe7 1-0

[Event "World Blitz 2025"]
[Site "Doha QAT"]
[Date "2025.12.30"]
[Round "16.105"]
[White "Nurgaliyev, Sauat"]
[Black "Chigaev, Maksim"]
[Result "1/2-1/2"]
[WhiteTitle "IM"]
[BlackTitle "GM"]
[WhiteElo "2437"]
[BlackElo "2626"]
[WhiteFideId "13726285"]
[BlackFideId "4108116"]
[EventDate "2025.12.29"]

1. e4 e5 2. Nf3 Nc6 3. Nc3 Bc5 4. Nxe5 Nxe5 5. d4 Bd6 6. dxe5 Bxe5 7. Bd3 d6 8.
O-O Nf6 9. f4 Bd4+ 10. Kh1 Bxc3 11. bxc3 O-O 12. c4 b6 13. e5 Nd7 14. exd6 Nc5
15. dxc7 Qxc7 16. Bb2 Bb7 17. Bxh7+ Kxh7 18. Qh5+ Kg8 19. Bxg7 Bxg2+ 20. Kg1
Kxg7 21. Qg5+ Kh7 22. Qh4+ Kg7 23. Qg5+ Kh7 24. Qh4+ 1/2-1/2

[Event "World Blitz 2025"]
[Site "Doha QAT"]
[Date "2025.12.30"]
[Round "16.106"]
[White "Volokitin, Andrei"]
[Black "Medhus, Vitus Bondo"]
[Result "1-0"]
[WhiteTitle "GM"]
[BlackTitle "FM"]
[WhiteElo "2619"]
[BlackElo "2387"]
[WhiteFideId "14107090"]
[BlackFideId "1462547"]
[EventDate "2025.12.29"]

1. e4 e5 2. Nf3 Nc6 3. Bb5 a6 4. Ba4 Nf6 5. O-O Be7 6. d3 b5 7. Bb3 d6 8. a4 Bd7
9. c3 O-O 10. Bc2 b4 11. Re1 a5 12. Nbd2 Re8 13. Nc4 Bf8 14. Bg5 h6 15. Bh4 g6
16. d4 Bg7 17. d5 Nb8 18. cxb4 axb4 19. Nfd2 Na6 20. Nb3 Qb8 21. Bd3 Qa7 22. a5
g5 23. Bg3 Bg4 24. Qd2 Nh5 25. Be2 Bxe2 26. Qxe2 Nf4 27. Qd2 Kh8 28. Ne3 Ng6 29.
Nf5 Kh7 30. Rec1 Reb8 31. Rc6 Rb7 32. Qd3 Nb8 33. Rc2 Nd7 34. Rac1 Nf6 35. Rc6
h5 36. a6 Rb6 37. Rxc7 Qxa6 38. Qxa6 Rbxa6 39. Rxf7 R8a7 40. Rxa7 Rxa7 41. f3
Ra2 42. Rc7 Ne8 43. Rc8 Rxb2 44. Na5 Ra2 45. Nb3 Ra3 46. Nd2 Ra1+ 47. Kf2 Nf6
48. Ke2 h4 49. Rc7 Ne8 50. Rc8 hxg3 51. hxg3 Nf6 52. Nxd6 Nh5 53. Nf5 Ra2 54.
Rb8 Rb2 55. Rb7 Kg8 56. d6 Nf8 57. d7 Bf6 58. Nh6+ Kh8 59. Nf7+ Kg8 60. Nh6+ Kh8
61. Rb6 Nxg3+ 62. Kd3 Be7 63. Nf7+ Kg7 64. d8=Q Bxd8 65. Nxd8 Nh5 66. Nc6 Nf4+
67. Ke3 Nxg2+ 68. Ke2 Nf4+ 69. Kd1 Nd3 70. Rb7+ Kh6 71. Ne7 Ne6 72. Rb6 Nc5 73.
Nc4 Rf2 74. Nxe5 Kg7 75. Rxb4 Nf4 76. Rb6 Na4 77. Nf5+ Kg8 78. Rb8+ Kh7 79. Rb7+
Kg8 80. Ne7+ Kg7 81. Nd5+ Kh6 82. Ng4+ Kh5 83. Nxf2 Nc5 84. Rb6 Na4 85. Nxf4+
gxf4 86. Rc6 Kh4 87. Ke2 Nb2 88. Nd3 Na4 89. Nxf4 Kg3 90. Nd3 Kh4 91. Kd2 Kg3
92. f4 Kf3 93. e5 Ke4 94. Ra6 Kd5 95. Rxa4 1-0

[Event "World Blitz 2025"]
[Site "Doha QAT"]
[Date "2025.12.30"]
[Round "16.107"]
[White "Assylov, Miras"]
[Black "Dudin, Gleb"]
[Result "0-1"]
[WhiteTitle "FM"]
[BlackTitle "GM"]
[WhiteElo "2393"]
[BlackElo "2585"]
[WhiteFideId "13728873"]
[BlackFideId "34184934"]
[EventDate "2025.12.29"]

1. e4 e5 2. Nf3 Nc6 3. Bb5 a6 4. Ba4 Nf6 5. O-O Be7 6. Re1 b5 7. Bb3 O-O 8. h3
Bb7 9. d3 d6 10. Bd2 Qd7 11. a4 Nd8 12. c4 Ne6 13. Na3 Nc5 14. Bc2 Nxa4 15. Bxa4
bxa4 16. Nb1 Bc6 17. Nc3 Rfb8 18. Bc1 Rb4 19. Na2 Rb3 20. Qc2 Rab8 21. Nd2 h6
22. Nc3 R3b4 23. Na2 a5 24. Nxb4 axb4 25. Nf1 Nh7 26. Be3 Nf8 27. Qd2 Ne6 28.
Ba7 Rb7 29. Be3 Qd8 30. Ng3 Bg5 31. Ne2 Be8 32. Bxg5 hxg5 33. d4 exd4 34. Nxd4
Nc5 35. e5 Rb8 36. Qe3 dxe5 37. Nf3 Nb3 38. Rad1 Qf6 39. Nxg5 c5 40. Nf3 Nd4 41.
Nxd4 exd4 42. Qe5 Qxe5 43. Rxe5 Rc8 44. Rde1 Kf8 45. f3 f6 46. Re7 Bf7 47. Ra7
Bxc4 48. Rxa4 Bb3 49. Ra7 Rd8 50. Rc7 d3 51. Rxc5 d2 52. Rf1 d1=Q 53. Rxd1 Rxd1+
54. Kh2 Be6 0-1

[Event "World Blitz 2025"]
[Site "Doha QAT"]
[Date "2025.12.30"]
[Round "16.108"]
[White "Balakrishnan, Praveen"]
[Black "Al Mashikhi, Salim Aliyan"]
[Result "1-0"]
[WhiteTitle "GM"]
[BlackTitle "FM"]
[WhiteElo "2507"]
[BlackElo "1952"]
[WhiteFideId "2064871"]
[BlackFideId "22000046"]
[EventDate "2025.12.29"]

1. d4 Nf6 2. c4 e6 3. Nf3 d5 4. g3 c6 5. Bg2 Be7 6. O-O O-O 7. Qc2 Nbd7 8. Nbd2
h6 9. e4 dxe4 10. Nxe4 Nxe4 11. Qxe4 Nf6 12. Qe2 c5 13. Rd1 Qb6 14. Be3 Bd7 15.
Ne5 Bc6 16. d5 exd5 17. cxd5 Bb5 18. Qc2 Bd6 19. Nc4 Bxc4 20. Qxc4 Rac8 21. Rab1
Qa5 22. a3 b5 23. Qc2 Qd8 24. h3 Qd7 25. Rbc1 Rfe8 26. Re1 a6 27. Qc3 Be5 28.
Qd2 Bd6 29. b3 Ne4 30. Qd3 Nf6 31. Qc3 Ne4 32. Qa5 Qb7 33. Re2 Bc7 34. Qe1 Bd6
35. Bxh6 Nf6 36. Bg5 Rxe2 37. Qxe2 Re8 38. Qd3 Nd7 39. Be3 Ne5 40. Qd1 c4 41.
bxc4 Nxc4 42. Bd4 Bxa3 43. Qg4 f5 44. Qh5 Qf7 45. Qxf7+ Kxf7 46. Ra1 b4 47. Bf1
Nd2 48. Be3 Nxf1 49. Kxf1 Rd8 50. Rd1 b3 51. Bb6 Rd6 52. Bc7 Rd7 53. Bf4 b2 54.
Ke2 Rxd5 55. Rb1 Rc5 56. Bd6 Rc2+ 57. Kf3 Bxd6 58. Rd1 Rd2 59. Re1 Bb4 1-0

[Event "World Blitz 2025"]
[Site "Doha QAT"]
[Date "2025.12.30"]
[Round "16.77"]
[White "George Samir, David"]
[Black "Gan-Erdene, Sugar"]
[Result "0-1"]
[WhiteTitle "IM"]
[BlackTitle "IM"]
[WhiteElo "2343"]
[BlackElo "2444"]
[WhiteFideId "10657789"]
[BlackFideId "4902980"]
[EventDate "2025.12.29"]

1. e4 c5 2. Nf3 d6 3. d4 cxd4 4. Nxd4 Nf6 5. Nc3 Nc6 6. Bg5 e6 7. Qd3 Bd7 8.
O-O-O a6 9. Be2 Be7 10. f4 Rc8 11. a3 O-O 12. Bf3 Na5 13. e5 dxe5 14. fxe5 Nd5
15. Bxe7 Nxe7 16. Be4 h6 17. g4 Qb6 18. g5 h5 19. g6 fxg6 20. Bxg6 Nc4 21. Nb3
Nxe5 22. Bh7+ Kh8 23. Qe4 Qc7 24. Qh4 Be8 25. Be4 Nf5 26. Bxf5 Rxf5 27. Rhf1 Ng4
28. Kb1 Ne3 29. Rxf5 Nxf5 30. Qg5 Qxh2 31. Re1 Bf7 32. Re2 Qg3 33. Qd2 Qd6 34.
Qg5 h4 35. Rf2 Qg3 36. Qd2 Qc7 37. Rh2 Qe7 38. Qf4 Rd8 39. Ka2 Qf6 40. Ne4 Qe7
41. Ng5 Bg6 42. Qg4 Kg8 43. Nf3 Bh7 44. Nxh4 Nh6 45. Qe2 Rc8 46. Qe5 Bxc2 47.
Nd4 Bh7 48. Nxe6 Re8 49. Rg2 Qxe6+ 50. Qxe6+ Rxe6 51. Rd2 Be4 52. Rd7 Bc6 53.
Rd8+ Kf7 0-1

[Event "World Blitz 2025"]
[Site "Doha QAT"]
[Date "2025.12.30"]
[Round "16.78"]
[White "Murshed, Niaz"]
[Black "Sindarov, Islombek"]
[Result "0-1"]
[WhiteTitle "GM"]
[BlackTitle "CM"]
[WhiteElo "2341"]
[BlackElo "2129"]
[WhiteFideId "10200010"]
[BlackFideId "14205475"]
[EventDate "2025.12.29"]

1. d4 Nf6 2. c4 g6 3. Nf3 Bg7 4. g3 O-O 5. Bg2 d6 6. O-O Nbd7 7. Nc3 e5 8. e4 b6
9. Re1 Bb7 10. h3 a5 11. b3 Re8 12. Bb2 exd4 13. Nxd4 Nc5 14. Qc2 Nfd7 15. Nd5
Ne5 16. Rad1 a4 17. b4 a3 18. Ba1 Na4 19. f4 Nd7 20. Nb5 Nb2 21. Ndxc7 Re7 22.
Nxa8 Qxa8 23. Rxd6 Nf6 24. e5 Nh5 25. Bxb7 Qxb7 26. Rd8+ Bf8 27. Bxb2 axb2 28.
Qxb2 Rd7 29. Rxd7 Qxd7 30. Qc3 Qxh3 31. Re3 Qg4 32. a3 Nxf4 33. Nd4 Bh6 34. Rf3
Nh3+ 35. Kg2 Ng5 36. Rf1 Qh3+ 0-1

[Event "World Blitz 2025"]
[Site "Doha QAT"]
[Date "2025.12.30"]
[Round "16.79"]
[White "Chekh Adm Khedr, Aram"]
[Black "Cunha, Lucas Aguiar"]
[Result "0-1"]
[WhiteTitle "FM"]
[BlackTitle "FM"]
[WhiteElo "2139"]
[BlackElo "2263"]
[WhiteFideId "7601948"]
[BlackFideId "2125404"]
[EventDate "2025.12.29"]

1. e4 c5 2. Ne2 Nc6 3. g3 g6 4. Bg2 Bg7 5. c3 e5 6. d3 Nge7 7. a4 O-O 8. Na3 d6
9. Nc4 Be6 10. O-O d5 11. Ne3 dxe4 12. dxe4 Qxd1 13. Rxd1 Rad8 14. Nd5 h6 15.
Be3 b6 16. a5 Bxd5 17. exd5 Nxa5 18. Bxc5 Rfe8 19. d6 Nf5 20. d7 Re6 21. Bb4 e4
22. Bxa5 bxa5 23. Rxa5 a6 24. Nf4 Rd6 25. Rad5 R8xd7 26. Bxe4 Rxd5 27. Rxd5 Nd6
28. Bd3 Bf8 29. Bxa6 Ra7 30. Bd3 Ra2 31. b4 Rb2 32. b5 Nb7 33. c4 Nc5 34. Be2
Nb7 35. Bf3 Rc2 36. Rd4 Bc5 37. Be4 Rc1+ 38. Kg2 Bxd4 39. Bxb7 Rxc4 40. Bc6 Rc2
41. Nd3 Rd2 42. Nb4 Rxf2+ 43. Kh3 Rb2 44. Nd3 Rd2 45. Nb4 Bg1 46. Kg4 Rxh2 47.
Nd5 Rb2 48. Nf6+ Kg7 49. Nd7 Rb3 50. Kf4 Bh2 51. b6 Bxg3+ 52. Ke4 h5 53. b7 h4
54. Nc5 Rc3 55. Kd4 Rc1 56. Kd5 Rb1 57. Ne4 Bf4 58. Nc3 Rb3 59. Ne2 Bb8 60. Nd4
Rb1 61. Nb5 h3 62. Nc3 Rb3 63. Kc4 Rb2 64. Na4 Rb1 65. Nc5 h2 66. Na6 Bg3 67.
Kc5 h1=Q 68. Bxh1 Rxh1 69. Kc6 Rb1 0-1

[Event "World Blitz 2025"]
[Site "Doha QAT"]
[Date "2025.12.30"]
[Round "16.80"]
[White "Raja, Rithvik R"]
[Black "Kuandykuly, Danis"]
[Result "1/2-1/2"]
[WhiteTitle "GM"]
[BlackTitle "FM"]
[WhiteElo "2541"]
[BlackElo "2372"]
[WhiteFideId "35007394"]
[BlackFideId "13752260"]
[EventDate "2025.12.29"]

1. Nf3 Nf6 2. g3 b5 3. Bg2 Bb7 4. O-O e6 5. b3 Be7 6. c4 b4 7. d4 O-O 8. a4 a5
9. Bb2 d6 10. Nbd2 Nbd7 11. Qc2 c5 12. e4 cxd4 13. Nxd4 Nc5 14. Rad1 Qb6 15.
Rfe1 Rac8 16. h3 Rfd8 17. Kh2 Bf8 18. Nb5 Nfd7 19. Bd4 Nb8 20. f4 Nc6 21. Bf2 e5
22. f5 Na7 23. Qb1 Nxb5 24. cxb5 d5 25. exd5 Bxd5 26. Bxd5 Rxd5 27. Nc4 Qd8 28.
Rxd5 Qxd5 29. Rxe5 Qf3 30. Bxc5 Bxc5 31. Qe1 h6 32. Nd2 Qc3 33. Qe2 Bd6 34. Re3
Qf6 35. Ne4 Qe5 36. Nxd6 Qxd6 37. Re8+ Rxe8 38. Qxe8+ Kh7 39. Qe3 Qc7 40. Kg2
Qc2+ 41. Kg1 Qb1+ 42. Kg2 Qc2+ 43. Kf3 Qxf5+ 44. Ke2 Qc2+ 45. Qd2 Qe4+ 46. Kf2
Qf5+ 47. Ke2 Qe4+ 48. Qe3 Qc2+ 49. Ke1 Qb1+ 50. Kd2 Qb2+ 51. Kd1 Qb1+ 52. Qc1
Qd3+ 53. Qd2 Qb1+ 54. Ke2 Qe4+ 55. Kf2 Qf5+ 56. Kg2 Qe4+ 57. Kh2 Qe6 58. Qd3+ g6
59. h4 h5 60. Kg2 Qf6 61. Qe3 Qc3 62. Kf3 Qf6+ 63. Ke4 Qe6+ 64. Kf3 Qd5+ 65. Kf2
Qf5+ 66. Kg2 Qc2+ 67. Kg1 Qb1+ 68. Kf2 Qc2+ 69. Ke1 Qb1+ 70. Ke2 Qc2+ 71. Kf3
Qf5+ 72. Qf4 Qd3+ 73. Qe3 Qf5+ 74. Kg2 Qc2+ 75. Kg1 Qb1+ 76. Kf2 Qc2+ 77. Ke1
Qb1+ 78. Kd2 Qb2+ 79. Kd1 Qb1+ 80. Ke2 Qc2+ 81. Ke1 Qb1+ 82. Kf2 Qc2+ 83. Kg1
Qb1+ 84. Kg2 Qc2+ 1/2-1/2

[Event "World Blitz 2025"]
[Site "Doha QAT"]
[Date "2025.12.30"]
[Round "16.81"]
[White "Alhassadi, Yousef A."]
[Black "Galaviz Medina, Sion Radamantys"]
[Result "0-1"]
[WhiteTitle "FM"]
[BlackTitle "IM"]
[WhiteElo "2098"]
[BlackElo "2514"]
[WhiteFideId "9204725"]
[BlackFideId "5123119"]
[EventDate "2025.12.29"]

1. e4 c5 2. c3 Nf6 3. e5 Nd5 4. Bc4 Nb6 5. Bb3 c4 6. Bc2 Nc6 7. Nf3 d6 8. exd6
Qxd6 9. O-O Bg4 10. Re1 Ne5 11. Rxe5 Bxf3 12. Qe1 Bc6 13. b3 e6 14. Ba3 Qd7 15.
Bxf8 Kxf8 16. Na3 Rd8 17. Rd1 cxb3 18. axb3 g6 19. h4 Qc7 20. Qe3 h5 21. Qg5 Qe7
22. Nc4 Nxc4 23. bxc4 Qxg5 24. hxg5 Kg7 25. d4 Bd7 26. Be4 Rc8 27. c5 Rc7 28.
Ra1 b6 29. cxb6 axb6 30. Rb1 Rb8 31. Rb3 Ba4 32. Rb4 Bd7 33. Rb3 Ra7 34. c4 Ra1+
35. Kh2 Ra4 36. Bd3 Ra1 37. Re2 Ra5 38. Reb2 Rxg5 39. Rxb6 Rxb6 40. Rxb6 Kf8 41.
Rb7 Be8 42. c5 Rd5 43. Rb8 Ke7 44. Rb7+ Kf6 45. Rb4 Rd8 46. Be4 Ke7 47. c6 Kd6
48. Rb7 Rc8 49. Bf3 Rc7 50. Rb8 Bxc6 51. Bxc6 Kxc6 52. Rd8 Rd7 53. Rf8 Kd5 54.
Kg3 Kxd4 55. Kf4 e5+ 56. Kg5 Ke4 57. Kf6 Rd2 58. f3+ Kf4 59. Rxf7 Rxg2 60. Ke6+
Kg5 61. Kxe5 Re2+ 62. Kd4 h4 63. Kd3 Re6 64. Rh7 Re1 65. Rh8 Re6 66. Rh7 Kf4 67.
Rxh4+ Kxf3 68. Rh3+ Kg2 69. Rh4 Kg3 70. Rh6 Kg4 71. Rh1 Kf3 72. Rg1 Rd6+ 73. Kc2
Kf4 74. Rf1+ Ke5 75. Rg1 Kf5 76. Rf1+ Kg5 77. Rg1+ Kh6 78. Rh1+ Kg7 79. Rg1 Rd5
80. Kc3 Kf6 81. Kc4 Rd6 82. Rf1+ Kg7 83. Rg1 Kf6 84. Rf1+ Kg5 85. Rg1+ Kf4 86.
Rf1+ Ke4 87. Re1+ Kf3 88. Rg1 Kf2 89. Rg5 Ke3 90. Rg1 Kf4 91. Rf1+ Kg5 92. Rg1+
Kh6 93. Rh1+ Kg7 94. Rg1 Rd2 95. Kc3 Rd5 96. Kc4 Re5 97. Kd4 Rf5 98. Ke4 Kf6 99.
Ra1 Rf2 100. Ra8 Kg5 101. Ra1 Kf6 102. Ra6+ Kg5 103. Ra1 Kh5 104. Rh1+ Kg5 105.
Rg1+ Kf6 106. Ke3 Rf5 107. Ra1 Kg7 108. Ra7+ Kh6 109. Ra6 Kh5 110. Ra1 g5 111.
Rg1 g4 112. Rh1+ Kg5 113. Rh8 g3 114. Rg8+ Kh4 115. Rh8+ Kg4 116. Ke2 0-1

[Event "World Blitz 2025"]
[Site "Doha QAT"]
[Date "2025.12.30"]
[Round "16.82"]
[White "Grafl, Florian"]
[Black "Chanda, Sandipan"]
[Result "0-1"]
[WhiteTitle "IM"]
[BlackTitle "GM"]
[WhiteElo "2343"]
[BlackElo "2490"]
[WhiteFideId "4645715"]
[BlackFideId "5004225"]
[EventDate "2025.12.29"]

1. Nc3 e6 2. e4 d5 3. d4 dxe4 4. Nxe4 Nd7 5. Nf3 Ngf6 6. Bd3 Nxe4 7. Bxe4 Nf6 8.
Bd3 c5 9. Be3 Qc7 10. Qe2 a6 11. O-O-O b5 12. dxc5 Bxc5 13. Bg5 Bb7 14. Bxf6
gxf6 15. Be4 Qf4+ 16. Nd2 Bxe4 17. Qxe4 Qxe4 18. Nxe4 Be7 19. g4 Rd8 20. Rxd8+
Kxd8 21. Rd1+ Kc7 22. Rd3 h5 23. h3 hxg4 24. hxg4 Rh4 25. f3 Rh1+ 26. Rd1 Rh3
27. Rd3 f5 28. gxf5 exf5 29. Nc3 Bg5+ 30. Kb1 Rh1+ 31. Rd1 Rxd1+ 32. Nxd1 Kd6
33. Nf2 Ke5 34. Nd3+ Kd4 35. f4 Bh6 36. Kc1 Ke3 37. Kd1 Bxf4 38. Nc5 Bd6 39. Nd3
f4 40. Ke1 f3 41. Kf1 Kd2 42. Ne1 Bg3 43. Nxf3+ Kxc2 44. b3 b4 45. Ke2 Kb2 46.
Kd3 Kxa2 47. Kc4 a5 48. Nd4 Bf2 49. Ne2 Be3 50. Ng3 Ba7 51. Ne2 f5 52. Nc1+ Kb1
53. Nd3 Kc2 54. Ne1+ Kd2 55. Nf3+ Ke3 56. Nh4 f4 57. Ng2+ Ke4 58. Ne1 f3 0-1